Phychological Tests & Interview aur Tehreeri Imtehaan (Record no. 311771)
[ view plain ]
| 000 -LEADER | |
|---|---|
| fixed length control field | 00312 a2200121 4500 |
| 001 - CONTROL NUMBER | |
| control field | 76698 |
| 082 ## - DEWEY DECIMAL CLASSIFICATION NUMBER | |
| Classification number | 150.28722 MAN |
| 090 ## - LOCALLY ASSIGNED LC-TYPE CALL NUMBER (OCLC); LOCAL CALL NUMBER (RLIN) | |
| -- | 39217 |
| -- | 39217 |
| 100 ## - MAIN ENTRY--PERSONAL NAME | |
| Personal name | Tahir Mansoor Farooqi |
| 245 ## - TITLE STATEMENT | |
| Title | Phychological Tests & Interview aur Tehreeri Imtehaan |
| Medium | Urdu |
| 260 ## - PUBLICATION, DISTRIBUTION, ETC. | |
| Place of publication, distribution, etc. | Lahore |
| Name of publisher, distributor, etc. | Tehkikaat |
| 300 ## - PHYSICAL DESCRIPTION | |
| Extent | 336p |
| 942 ## - ADDED ENTRY ELEMENTS (KOHA) | |
| Institution code [OBSOLETE] | CAE NUST |
| Call number prefix | 150.28722 MAN |
| Withdrawn status | Lost status | Damaged status | Not for loan | Collection code | Permanent Location | Current Location | Date acquired | Total Checkouts | Full call number | Barcode | Date last seen | Price effective from | Koha item type |
|---|---|---|---|---|---|---|---|---|---|---|---|---|---|
| College of Aeronautical Engineering (CAE) | College of Aeronautical Engineering (CAE) | 04/03/2017 | 150.28722 MAN | CAE82121 | 04/05/2017 | 04/05/2017 | Book |
